000
00332nam a2200133Ia 4500
008
240624s9999 xx 000 0 und d
041
_a
eng
082
_a
920 TEN
100
_a
TENDULKAR SACHIN
245
_a
PLAYING IT MY WAY MY AUTOBIOGRAPHY
260
_c
2014
_a
New Delhi
_b
Hachette India
300
_a
496 : p.
365
_c
RS
_b
25
999
_c
23804
_d
23804